[Event "1st FIDE GP London 2012"]
[Site "London ENG"]
[Date "2012.09.25"]
[Round "5"]
[White "Mamedyarov, S."]
[Black "Gelfand, B."]
[Result "1/2-1/2"]
[WhiteElo "2729"]
[BlackElo "2738"]
[PlyCount "67"]
[EventDate "2012.09.21"]

1. d4 Nf6 2. c4 g6 3. Nc3 d5 4. Nf3 Bg7 5. e3 O-O 6. Be2 c5 7. dxc5 Na6 8. cxd5
Nxc5 9. O-O a6 10. a4 Bf5 11. Nh4 Bd7 12. Ra3 Rc8 13. a5 Nce4 14. Bd2 Nxd2 15.
Qxd2 e6 16. Nf3 exd5 17. Nxd5 Nxd5 18. Qxd5 Bc6 19. Qb3 Bd5 20. Qd1 Bxb2 21.
Rd3 Bxf3 22. Rxd8 Rfxd8 23. Qxd8+ Rxd8 24. Bxf3 Bc3 25. Bxb7 Rd6 26. g3 Bxa5
27. Ra1 Bc3 28. Ra3 Bb4 29. Rxa6 Rxa6 30. Bxa6 f5 31. Bc4+ Kg7 32. Ba6 Kg8 33.
Bc4+ Kg7 34. Ba6 1/2-1/2

[Event "1st FIDE GP London 2012"]
[Site "London ENG"]
[Date "2012.09.27"]
[Round "6"]
[White "Grischuk, A."]
[Black "Adams, Mi"]
[Result "1/2-1/2"]
[WhiteElo "2754"]
[BlackElo "2722"]
[PlyCount "93"]
[EventDate "2012.09.21"]

1. e4 e5 2. Nf3 Nc6 3. Bb5 a6 4. Ba4 Nf6 5. O-O Be7 6. d3 b5 7. Bb3 d6 8. a4 b4
9. Nbd2 Na5 10. Ba2 O-O 11. c3 bxc3 12. bxc3 c5 13. d4 exd4 14. cxd4 d5 15. Re1
dxe4 16. Nxe4 c4 17. Bd2 Nb3 18. Bxb3 cxb3 19. Qxb3 Be6 20. Qd3 Nxe4 21. Qxe4
Re8 22. Ne5 Bf8 23. h3 f6 24. Nd3 Bf7 25. Qf4 Rc8 26. Rxe8 Bxe8 27. Qe4 Bg6 28.
Qe6+ Bf7 29. Qg4 h5 30. Qe4 Rc4 31. Be3 Qe8 32. Qxe8 Bxe8 33. Nc5 Bxc5 34. dxc5
Bxa4 35. Kf1 Kf7 36. Ke2 Ke6 37. g3 g5 38. Rc1 Rxc1 39. Bxc1 h4 40. gxh4 gxh4
41. Bd2 Bb5+ 42. Ke3 Bf1 43. f4 Bxh3 44. Be1 Kd5 45. Bxh4 Kxc5 46. Bxf6 Bf5 47.
Kd2 1/2-1/2

[Event "1st FIDE GP London 2012"]
[Site "London ENG"]
[Date "2012.09.27"]
[Round "6"]
[White "Gelfand, B."]
[Black "Ivanchuk, V."]
[Result "1/2-1/2"]
[WhiteElo "2738"]
[BlackElo "2769"]
[PlyCount "49"]
[EventDate "2012.09.21"]

1. d4 Nf6 2. c4 e6 3. Nf3 b6 4. g3 Ba6 5. b3 b5 6. Nbd2 c5 7. d5 exd5 8. cxd5
Nxd5 9. Bb2 Nc7 10. Bg2 Bb7 11. O-O Ne6 12. a4 b4 13. e4 Be7 14. Re1 Nc6 15.
Nc4 O-O 16. e5 Re8 17. Nfd2 Qc7 18. Ne4 Ncd4 19. Ncd6 Bxd6 20. exd6 Qb6 21. a5
Qb5 22. Bf1 Qc6 23. Bg2 Qb5 24. Bf1 Qc6 25. Bg2 1/2-1/2

[Event "1st FIDE GP London 2012"]
[Site "London ENG"]
[Date "2012.09.27"]
[Round "6"]
[White "Topalov, V."]
[Black "Dominguez Perez, L."]
[Result "1-0"]
[WhiteElo "2752"]
[BlackElo "2725"]
[PlyCount "97"]
[EventDate "2012.09.21"]

1. Nf3 d5 2. d4 Nf6 3. c4 c6 4. e3 a6 5. Nc3 b5 6. c5 g6 7. Ne5 Bg7 8. f4 Qc7
9. Be2 h5 10. O-O a5 11. a3 Bf5 12. h3 Nbd7 13. Bf3 Ne4 14. Bxe4 dxe4 15. Bd2
Nf6 16. Qe2 Be6 17. b4 axb4 18. axb4 O-O 19. Rfc1 Rfb8 20. Be1 Qc8 21. Kh2 Ra6
22. Bh4 Rba8 23. Rxa6 Qxa6 24. Qe1 Qb7 25. Ra1 Rxa1 26. Qxa1 Nd5 27. Nxd5 Bxd5
28. Qa5 Qc8 29. Bxe7 Qe8 30. Qc7 f6 31. Qd7 Bf7 32. Bxf6 Bxf6 33. Qxc6 Bxe5 34.
Qxe8+ Bxe8 35. fxe5 h4 36. d5 Kf7 37. Kg1 Ke7 38. Kf2 g5 39. Ke1 Bf7 40. e6 Bh5
41. Kd2 Kd8 42. d6 g4 43. hxg4 Bxg4 44. e7+ Ke8 45. c6 Be6 46. Kc3 Bd5 47. c7
Bb7 48. Kd4 Kd7 49. Kc5 1-0

[Event "1st FIDE GP London 2012"]
[Site "London ENG"]
[Date "2012.09.27"]
[Round "6"]
[White "Kasimdzhanov, R."]
[Black "Mamedyarov, S."]
[Result "0-1"]
[WhiteElo "2684"]
[BlackElo "2729"]
[PlyCount "90"]
[EventDate "2012.09.21"]

1. d4 d5 2. c4 c6 3. Nc3 Nf6 4. e3 e6 5. Nf3 Nbd7 6. Bd3 dxc4 7. Bxc4 b5 8. Bd3
b4 9. Ne4 Nxe4 10. Bxe4 Bb7 11. Nd2 Rc8 12. a3 bxa3 13. O-O Ba6 14. Re1 Bd6 15.
b3 Qe7 16. Nc4 Bxc4 17. bxc4 O-O 18. Qd3 f5 19. Bf3 e5 20. c5 Bb8 21. Bxa3 e4
22. Qb3+ Kh8 23. Be2 Nf6 24. Rab1 h5 25. Qb7 Qe8 26. Rb3 f4 27. Reb1 f3 28. Bf1
Bc7 29. Qa6 Qg6 30. h3 Nh7 31. d5 Ng5 32. Kh1 Be5 33. Bb2 Bxb2 34. R3xb2 Qf5
35. d6 Qxc5 36. Rd1 Rcd8 37. d7 Qe5 38. Rbd2 fxg2+ 39. Bxg2 Nf3 40. Bxf3 Rxf3
41. Qf1 Qf5 42. Qg2 Rxh3+ 43. Kg1 Rh4 44. Kf1 a5 45. Rd4 a4 0-1

[Event "1st FIDE GP London 2012"]
[Site "London ENG"]
[Date "2012.09.28"]
[Round "7"]
[White "Dominguez Perez, L."]
[Black "Leko, P."]
[Result "1/2-1/2"]
[WhiteElo "2725"]
[BlackElo "2737"]
[PlyCount "79"]
[EventDate "2012.09.21"]

1. e4 e5 2. Nf3 Nc6 3. Bb5 Nf6 4. d3 Bc5 5. c3 O-O 6. O-O d6 7. Nbd2 a6 8. Bxc6
bxc6 9. d4 exd4 10. cxd4 Bb6 11. Qc2 Re8 12. Re1 c5 13. d5 Bg4 14. b3 Ba5 15.
Re3 c6 16. dxc6 d5 17. exd5 Rxe3 18. fxe3 Nxd5 19. Bb2 Nxe3 20. Qe4 Bxd2 21. c7
Qd5 22. Nxd2 Qxe4 23. Nxe4 Nd5 24. h3 Bf5 25. Nxc5 Nxc7 26. Rf1 Bc8 27. Rd1 Ne6
28. Rd6 h6 29. Bd4 Nxc5 30. Rd8+ Kh7 31. Bxc5 f6 32. Kf2 Bb7 33. Rxa8 Bxa8 34.
g3 g5 35. Bd4 Kg6 36. h4 Bd5 37. Bc3 Be6 38. Bd4 Bd5 39. Bc3 Be6 40. Bd4
1/2-1/2

[Event "1st FIDE GP London 2012"]
[Site "London ENG"]
[Date "2012.09.28"]
[Round "7"]
[White "Ivanchuk, V."]
[Black "Kasimdzhanov, R."]
[Result "1/2-1/2"]
[WhiteElo "2769"]
[BlackElo "2684"]
[PlyCount "21"]
[EventDate "2012.09.21"]

1. c4 c6 2. Nf3 d5 3. g3 dxc4 4. Bg2 Nd7 5. a4 Nc5 6. Na3 Be6 7. Qc2 Qd5 8. Nh4
Qd4 9. Nf3 Qd5 10. Nh4 Qd4 11. Nf3 1/2-1/2

[Event "1st FIDE GP London 2012"]
[Site "London ENG"]
[Date "2012.09.28"]
[Round "7"]
[White "Giri, A."]
[Black "Grischuk, A."]
[Result "1/2-1/2"]
[WhiteElo "2730"]
[BlackElo "2754"]
[PlyCount "81"]
[EventDate "2012.09.21"]

1. Nf3 c5 2. e4 e6 3. d4 cxd4 4. Nxd4 a6 5. Bd3 Bc5 6. Nb3 Ba7 7. Qe2 Nc6 8.
Be3 d6 9. O-O Nf6 10. c4 b6 11. Nc3 Ne5 12. h3 Bb7 13. a4 O-O 14. Rfd1 Qc7 15.
a5 h6 16. Ra3 Rfb8 17. axb6 Bxb6 18. Bxb6 Qxb6 19. Na5 Nc6 20. Rda1 Nd7 21. Qd2
Nc5 22. Bc2 Qxb2 23. e5 Qb4 24. Nxb7 Nxb7 25. exd6 Nxd6 26. Qd3 g6 27. Rxa6
Rxa6 28. Rxa6 Rc8 29. Qg3 Kg7 30. Ra4 Qc5 31. Ne2 Nd4 32. Qc3 e5 33. Nxd4 exd4
34. Qa1 Nxc4 35. Bd3 Ne5 36. Qxd4 Qxd4 37. Rxd4 Nxd3 38. Rxd3 h5 39. h4 Rc4 40.
g3 Rc2 41. Rd6 1/2-1/2

[Event "1st FIDE GP London 2012"]
[Site "London ENG"]
[Date "2012.09.29"]
[Round "8"]
[White "Topalov, V."]
[Black "Mamedyarov, S."]
[Result "1/2-1/2"]
[WhiteElo "2752"]
[BlackElo "2729"]
[PlyCount "60"]
[EventDate "2012.09.21"]

1. e4 c6 2. d4 d5 3. Nd2 dxe4 4. Nxe4 Bf5 5. Ng3 Bg6 6. h4 h6 7. Nf3 Nd7 8. h5
Bh7 9. Bd3 Bxd3 10. Qxd3 e6 11. Bd2 Ngf6 12. O-O-O Be7 13. Ne4 Nxe4 14. Qxe4
Nf6 15. Qe2 Qd5 16. c4 Qe4 17. Qxe4 Nxe4 18. Be1 c5 19. Ne5 Bf6 20. f3 cxd4 21.
Rxd4 Nd6 22. Rxd6 Bxe5 23. Rd3 Rc8 24. b3 b5 25. Rh4 f5 26. Bc3 Bg3 27. Rhd4
Be5 28. Rh4 Bg3 29. Rhd4 Be5 30. Rh4 Bg3 1/2-1/2

[Event "1st FIDE GP London 2012"]
[Site "London ENG"]
[Date "2012.09.29"]
[Round "8"]
[White "Kasimdzhanov, R."]
[Black "Adams, Mi"]
[Result "1-0"]
[WhiteElo "2684"]
[BlackElo "2722"]
[PlyCount "93"]
[EventDate "2012.09.21"]

1. Nf3 d5 2. c4 e6 3. g3 dxc4 4. Qa4+ Nd7 5. Qxc4 a6 6. Bg2 b5 7. Qc6 Rb8 8.
Qc2 Bb7 9. O-O Ngf6 10. d3 Be7 11. a4 O-O 12. axb5 axb5 13. Nc3 b4 14. Na4 c5
15. b3 Nd5 16. Bb2 N5b6 17. Nd2 Bxg2 18. Kxg2 Ra8 19. Nxb6 Nxb6 20. Nf3 Qc7 21.
Rfc1 Qb7 22. d4 Rfc8 23. dxc5 Rxc5 24. Qd3 Rxc1 25. Rxc1 Nd5 26. Rc4 Rc8 27.
Qe4 h6 28. h4 Qa6 29. Ne5 Bf6 30. Nd3 Bxb2 31. Nxb2 Rxc4 32. Qxc4 Qa2 33. Na4
Qd2 34. Nc5 g6 35. Nd7 Qc3 36. Qa6 Kh7 37. Qa8 h5 38. Qe8 Qg7 39. e4 Nf6 40.
Nxf6+ Qxf6 41. Qf8 e5 42. Qxb4 g5 43. hxg5 Qxg5 44. Qc3 h4 45. Qf3 hxg3 46.
Qxf7+ Kh8 47. Qf8+ 1-0

[Event "1st FIDE GP London 2012"]
[Site "London ENG"]
[Date "2012.09.29"]
[Round "8"]
[White "Gelfand, B."]
[Black "Giri, A."]
[Result "1/2-1/2"]
[WhiteElo "2738"]
[BlackElo "2730"]
[PlyCount "117"]
[EventDate "2012.09.21"]

1. d4 Nf6 2. c4 g6 3. Nc3 Bg7 4. e4 d6 5. Nf3 O-O 6. Be2 e5 7. O-O Nc6 8. d5
Ne7 9. b4 Nh5 10. Re1 f5 11. Ng5 Nf6 12. f3 Kh8 13. Rb1 h6 14. Ne6 Bxe6 15.
dxe6 fxe4 16. fxe4 Nc6 17. Nd5 Ng8 18. Bd3 Nd4 19. Qg4 g5 20. c5 c6 21. e7 Nxe7
22. Bxg5 cxd5 23. exd5 Qc8 24. Qe4 Nef5 25. Be7 dxc5 26. Bxf8 Bxf8 27. Rbc1 Qc7
28. bxc5 Bxc5 29. Kh1 Re8 30. Rf1 b6 31. Rxf5 Nxf5 32. Qxf5 Qg7 33. Qe4 Rf8 34.
g3 Rf7 35. a4 a5 36. Re1 Bd6 37. Qe3 Qg5 38. Qe2 Qf6 39. Kg2 Bb4 40. Rc1 Bc5
41. Qh5 Qg7 42. Rc2 Rf8 43. Re2 Bd6 44. Re4 Rf4 45. Qh3 Rxe4 46. Bxe4 Qf6 47.
Qd7 Kg8 48. Qc6 Be7 49. h4 Kg7 50. Qd7 Kf8 51. Qc8+ Kg7 52. Qg4+ Kf8 53. Bh7
Qf7 54. Qc8+ Kg7 55. Be4 Bc5 56. Qg4+ Kf8 57. Qc8+ Kg7 58. Qg4+ Kf8 59. Qc8+
1/2-1/2

[Event "1st FIDE GP London 2012"]
[Site "London ENG"]
[Date "2012.10.01"]
[Round "9"]
[White "Grischuk, A."]
[Black "Gelfand, B."]
[Result "1-0"]
[WhiteElo "2754"]
[BlackElo "2738"]
[PlyCount "59"]
[EventDate "2012.09.21"]

1. e4 c5 2. Nc3 Nc6 3. Bb5 Nd4 4. Nf3 e6 5. O-O a6 6. Bd3 Nc6 7. Be2 Nd4 8. Bd3
Nc6 9. b3 d6 10. Bb2 Nf6 11. Re1 Be7 12. e5 dxe5 13. Nxe5 Bd7 14. Ne4 Nxe5 15.
Bxe5 Bc6 16. Qf3 Rc8 17. Re3 b5 18. Rae1 c4 19. bxc4 bxc4 20. Bxf6 Bxe4 21.
Rxe4 Bxf6 22. Bxc4 Qxd2 23. Bxe6 fxe6 24. Rxe6+ Kd7 25. Qg4 Kc7 26. Qc4+ Kd7
27. Qa4+ Kd8 28. Qxa6 Kd7 29. Qb5+ Kd8 30. Re8+ 1-0

[Event "1st FIDE GP London 2012"]
[Site "London ENG"]
[Date "2012.10.01"]
[Round "9"]
[White "Giri, A."]
[Black "Kasimdzhanov, R."]
[Result "1/2-1/2"]
[WhiteElo "2730"]
[BlackElo "2684"]
[PlyCount "155"]
[EventDate "2012.09.21"]

1. Nf3 d5 2. d4 Nf6 3. c4 c6 4. e3 Bf5 5. Nc3 e6 6. Nh4 Bg6 7. Be2 Nbd7 8. O-O
Bd6 9. g3 O-O 10. Nxg6 hxg6 11. Qb3 Rb8 12. Rd1 a6 13. Qc2 b5 14. c5 Bc7 15. f4
Ba5 16. Bf3 Bxc3 17. bxc3 Ne4 18. Kg2 f5 19. h4 Ndf6 20. Bd2 Nxd2 21. Qxd2 Rf7
22. Rdb1 Rfb7 23. Rb2 Kf7 24. Qc2 Qc7 25. a3 Ke7 26. Bd1 Ne4 27. Bf3 Nf6 28.
Qd1 a5 29. Rab1 a4 30. Kf1 Ra7 31. Rg2 Rh8 32. Ke2 Raa8 33. Qd2 Rh6 34. Rh1
Rah8 35. Qe1 R6h7 36. g4 Kd8 37. Kd1 Ke8 38. Kc1 Kf8 39. Kb1 Ke8 40. Ka1 Kf8
41. Bd1 Qe7 42. Bf3 Qc7 43. Kb2 Ke8 44. Qg3 Qe7 45. Rgh2 Kf8 46. g5 Ne4 47.
Bxe4 fxe4 48. c4 dxc4 49. Qg2 Qf7 50. Qxe4 Qf5 51. Qxc6 Qd3 52. Qa8+ Kf7 53.
Qa7+ Ke8 54. Qa8+ Kf7 55. Qa7+ Ke8 56. Qb8+ Kf7 57. Qb7+ Kf8 58. Qc8+ Ke7 59.
Qc7+ Ke8 60. Qc6+ Ke7 61. Qd6+ Kf7 62. Qd7+ Kf8 63. Qd6+ Kf7 64. Qd7+ Kf8 65.
d5 Rxh4 66. Qd8+ Kf7 67. Qd7+ Kf8 68. Qc8+ Kf7 69. Qc7+ Kf8 70. Qb8+ Kf7 71.
dxe6+ Kxe6 72. Qe5+ Kf7 73. Rxh4 Rxh4 74. Rxh4 Qd2+ 75. Kb1 Qd1+ 76. Kb2 Qd2+
77. Kb1 Qd1+ 78. Kb2 1/2-1/2

[Event "1st FIDE GP London 2012"]
[Site "London ENG"]
[Date "2012.10.01"]
[Round "9"]
[White "Mamedyarov, S."]
[Black "Dominguez Perez, L."]
[Result "1-0"]
[WhiteElo "2729"]
[BlackElo "2725"]
[PlyCount "129"]
[EventDate "2012.09.21"]

1. d4 Nf6 2. c4 e6 3. Nf3 Bb4+ 4. Nbd2 O-O 5. Qc2 c5 6. dxc5 Bxc5 7. a3 b6 8.
b4 Be7 9. Bb2 d6 10. g4 Bb7 11. g5 Nh5 12. e3 a5 13. Rd1 axb4 14. axb4 Nd7 15.
Rg1 Qc7 16. Bd3 g6 17. Ke2 Rfc8 18. Ra1 Bf8 19. Rxa8 Bxa8 20. Ra1 d5 21. cxd5
Qxc2 22. Bxc2 Bxd5 23. Ba4 Nb8 24. b5 Nd7 25. Bd1 Rc7 26. Nd4 Ng7 27. Nc6 Bxc6
28. bxc6 Rxc6 29. Ra8 Nc5 30. Nc4 b5 31. Ne5 Ra6 32. Rb8 Ra2 33. Rxb5 Ne8 34.
Kf3 Nc7 35. Rb8 Ra8 36. Rxa8 Nxa8 37. Ng4 Be7 38. Nf6+ Bxf6 39. gxf6 Nc7 40. e4
Nd7 41. Ba4 Nb6 42. Bc6 Nc4 43. Bc3 e5 44. Ke2 Ne6 45. Kd3 Nb6 46. Bxe5 Nd7 47.
Bc3 g5 48. Kc4 Ndf8 49. Kd5 Ng6 50. Kd6 Kf8 51. Bb4 Kg8 52. Bd5 Nef4 53. Kd7
Nh5 54. Be7 Ne5+ 55. Ke8 g4 56. Bd8 Nf4 57. Bc7 Nfd3 58. Bxe5 Nxe5 59. Ba2 h5
60. Bd5 h4 61. Ba2 h3 62. Bd5 Kh8 63. Bxf7 g3 64. fxg3 Ng4 65. Ke7 1-0

[Event "1st FIDE GP London 2012"]
[Site "London ENG"]
[Date "2012.10.02"]
[Round "10"]
[White "Wang Hao"]
[Black "Mamedyarov, S."]
[Result "1/2-1/2"]
[WhiteElo "2742"]
[BlackElo "2729"]
[PlyCount "64"]
[EventDate "2012.09.21"]

1. e4 c6 2. d4 d5 3. Nd2 dxe4 4. Nxe4 Bf5 5. Nc5 e5 6. Nxb7 Qb6 7. Nc5 exd4 8.
Nb3 Bb4+ 9. Bd2 Nf6 10. Bxb4 Qxb4+ 11. Qd2 Qe7+ 12. Qe2 Bxc2 13. Qxe7+ Kxe7 14.
Nxd4 Bg6 15. Rc1 Re8 16. Bc4 Nbd7 17. Nge2 Ne5 18. Ba6 Bd3 19. f4 Bxa6 20. fxe5
Ng4 21. e6 Ne5 22. Nxc6+ Kxe6 23. Nxe5 Kxe5 24. Kf2 Bxe2 25. Rhe1 Kd6 26. Rxe2
Rxe2+ 27. Kxe2 Re8+ 28. Kf2 Re5 29. Rd1+ Kc6 30. Rc1+ Kd6 31. Rd1+ Kc6 32. Rc1+
Kd5 1/2-1/2

[Event "1st FIDE GP London 2012"]
[Site "London ENG"]
[Date "2012.10.02"]
[Round "10"]
[White "Dominguez Perez, L."]
[Black "Ivanchuk, V."]
[Result "1/2-1/2"]
[WhiteElo "2725"]
[BlackElo "2769"]
[PlyCount "79"]
[EventDate "2012.09.21"]

1. e4 e5 2. Nf3 Nc6 3. Bb5 a6 4. Ba4 d6 5. O-O Bd7 6. d4 exd4 7. Nxd4 Be7 8.
Nxc6 Bxc6 9. Bxc6+ bxc6 10. Qf3 Qd7 11. Nd2 Bf6 12. Nc4 Ne7 13. Bf4 Qe6 14. Qd3
O-O 15. Rae1 Rfe8 16. Bd2 Ng6 17. f4 d5 18. exd5 Qxd5 19. b3 Nh4 20. Qxd5 cxd5
21. Na5 Bd4+ 22. Kh1 Nf5 23. g3 f6 24. Rxe8+ Rxe8 25. Re1 Be3 26. Nc6 Re6 27.
Nb4 Kf7 28. Bxe3 Nxe3 29. c3 a5 30. Nd3 Ng4 31. Rxe6 Kxe6 32. Kg2 Kd6 33. Nf2
Nxf2 34. Kxf2 c5 35. Ke3 f5 36. a4 Kc6 37. Kd3 Kb6 38. Ke3 Kc6 39. Kd3 Kb6 40.
Ke3 1/2-1/2

[Event "1st FIDE GP London 2012"]
[Site "London ENG"]
[Date "2012.10.02"]
[Round "10"]
[White "Topalov, V."]
[Black "Adams, Mi"]
[Result "1/2-1/2"]
[WhiteElo "2752"]
[BlackElo "2722"]
[PlyCount "100"]
[EventDate "2012.09.21"]

1. d4 Nf6 2. c4 e6 3. Nf3 d5 4. Bg5 Be7 5. Qc2 h6 6. Bh4 c5 7. dxc5 Qa5+ 8.
Nbd2 Qxc5 9. e3 Nbd7 10. Rc1 Nb6 11. a3 dxc4 12. Nxc4 Nxc4 13. Bxc4 O-O 14. O-O
Bd7 15. Rfd1 Rfd8 16. Qb3 Qb6 17. Qxb6 axb6 18. Be2 Kf8 19. Kf1 Nd5 20. Bxe7+
Nxe7 21. Ne5 Bc6 22. g3 Rxd1+ 23. Rxd1 Ke8 24. Ke1 Nc8 25. Rd4 Ra5 26. f4 Ke7
27. Rb4 b5 28. Rb3 f6 29. Nd3 Nb6 30. Nb4 Na4 31. Nc2 Nc5 32. Rb4 e5 33. fxe5
fxe5 34. Rg4 Ne6 35. Nb4 g5 36. Nd3 Kd6 37. Nf2 Bd7 38. Rb4 Nc5 39. h4 b6 40.
hxg5 hxg5 41. Kd2 Ke7 42. Bf1 Bc6 43. Ke1 Kf6 44. Nd1 Ra4 45. Nc3 Rxb4 46. axb4
Na6 47. Na2 Nc7 48. Nc3 Na6 49. Na2 Nc7 50. Nc3 Na6 1/2-1/2

[Event "1st FIDE GP London 2012"]
[Site "London ENG"]
[Date "2012.10.02"]
[Round "10"]
[White "Kasimdzhanov, R."]
[Black "Grischuk, A."]
[Result "1/2-1/2"]
[WhiteElo "2684"]
[BlackElo "2754"]
[PlyCount "97"]
[EventDate "2012.09.21"]

1. e4 e5 2. Nf3 Nc6 3. Bb5 a6 4. Bxc6 dxc6 5. O-O Be7 6. d3 f6 7. Be3 Bg4 8.
Nbd2 Qd7 9. Qb1 h5 10. c3 g5 11. d4 exd4 12. cxd4 Nh6 13. b4 Nf7 14. Qb3 h4 15.
Rac1 Be6 16. d5 cxd5 17. Nd4 c6 18. Rfe1 Rd8 19. Nxe6 Qxe6 20. Nf3 h3 21. g3
Ne5 22. Bb6 Rd7 23. Nxe5 fxe5 24. a3 O-O 25. Rcd1 g4 26. Rd3 Rf6 27. exd5 Rxd5
28. Rde3 Bd6 29. Qc2 Qf5 30. Qe2 Kf8 31. Rf1 Ke8 32. Rc1 Kd7 33. Kf1 Bc7 34.
Bxc7 Kxc7 35. Re1 Kb6 36. Rc3 Ka7 37. Re3 Ka8 38. Re4 Qf3 39. Qxf3 Rxf3 40.
Rxg4 Rxa3 41. Rge4 Rb3 42. g4 Rd2 43. g5 Rf3 44. R4e2 Rd5 45. Rxe5 Rd2 46. R1e2
Rd1+ 47. Re1 Rd2 48. R1e2 Rd1+ 49. Re1 1/2-1/2

[Event "1st FIDE GP London 2012"]
[Site "London ENG"]
[Date "2012.10.02"]
[Round "10"]
[White "Leko, P."]
[Black "Gelfand, B."]
[Result "1/2-1/2"]
[WhiteElo "2737"]
[BlackElo "2738"]
[PlyCount "117"]
[EventDate "2012.09.21"]

1. e4 c5 2. Nf3 Nc6 3. Nc3 e5 4. Bc4 d6 5. d3 Be7 6. Nd2 Nf6 7. Nf1 Nd7 8. Ne3
Nb6 9. Ned5 O-O 10. Nxb6 axb6 11. O-O Bg5 12. a4 Bxc1 13. Qxc1 Be6 14. Qd2 h6
15. f4 exf4 16. Rxf4 Qg5 17. Raf1 Ne5 18. b3 Rad8 19. Bd5 Ng6 20. R4f2 Qxd2 21.
Rxd2 Rd7 22. Rdf2 Rfd8 23. h3 Ne5 24. Bc4 Kh7 25. Kh2 h5 26. Nd1 g6 27. Ne3 Kg7
28. Bd5 Ra8 29. Kg1 Kh6 30. Rf6 Re8 31. Bc4 Nxc4 32. bxc4 Ra8 33. Rb1 Rxa4 34.
Rxb6 Ra1+ 35. Rf1 Rxf1+ 36. Kxf1 Kg5 37. Kf2 Kf4 38. Nf1 f5 39. exf5 Bxf5 40.
Ne3 Be6 41. h4 Ke5 42. c3 Rf7+ 43. Kg3 Bf5 44. Nxf5 gxf5 45. Kf3 Rg7 46. g3 Rg4
47. Rxb7 f4 48. d4+ cxd4 49. cxd4+ Kxd4 50. gxf4 Rxh4 51. Rd7 Rh3+ 52. Kg2 Rc3
53. Rxd6+ Ke4 54. Rh6 Kxf4 55. Rxh5 Rc2+ 56. Kh3 Rc3+ 57. Kg2 Rc2+ 58. Kh3 Rc3+
59. Kg2 1/2-1/2

[Event "1st FIDE GP London 2012"]
[Site "London ENG"]
[Date "2012.10.03"]
[Round "11"]
[White "Mamedyarov, S."]
[Black "Leko, P."]
[Result "1/2-1/2"]
[WhiteElo "2729"]
[BlackElo "2737"]
[PlyCount "81"]
[EventDate "2012.09.21"]

1. d4 Nf6 2. c4 e6 3. Nc3 Bb4 4. Qc2 O-O 5. a3 Bxc3+ 6. Qxc3 b6 7. Bg5 Bb7 8.
e3 d6 9. Ne2 Nbd7 10. Qd3 Ba6 11. Nc3 d5 12. Qc2 Bxc4 13. Bxc4 dxc4 14. Qa4 c5
15. Qxc4 cxd4 16. Qxd4 h6 17. Bxf6 Nxf6 18. Qxd8 Rfxd8 19. Ke2 Kf8 20. Rhd1 Ke7
21. Rac1 Rxd1 22. Nxd1 Kd7 23. f3 Rc8 24. Rxc8 Kxc8 25. Kd3 Kd7 26. Nc3 Kc6 27.
e4 e5 28. b4 b5 29. Nd1 Ne8 30. Ne3 Nd6 31. Nf5 Nxf5 32. exf5 Kd5 33. g4 f6 34.
h3 a6 35. h4 Kc6 36. Ke4 Kd6 37. Ke3 Kd5 38. Kd3 Kc6 39. Ke4 Kd6 40. Ke3 Kd5
41. Kd3 1/2-1/2

[Event "Romanian League"]
[Site "Constanta-Mamaia"]
[Date "2012.09.22"]
[Round "1"]
[White "Banusz, Tamas"]
[Black "Volokitin, Andrei"]
[Result "1/2-1/2"]
[WhiteElo "2583"]
[BlackElo "2718"]
[PlyCount "68"]
[EventDate "2012.09.22"]

1. Nf3 Nf6 2. c4 g6 3. g3 Bg7 4. Bg2 c6 5. d4 d5 6. Qb3 O-O 7. O-O Qb6 8. Nc3
Rd8 9. Rd1 Bf5 10. Ne1 dxc4 11. Qxc4 Be6 12. Qa4 Na6 13. e3 Bg4 14. Bf3 Bxf3
15. Nxf3 c5 16. d5 e6 17. dxe6 Rxd1+ 18. Qxd1 Qxe6 19. Bd2 Rd8 20. Qe2 Nb4 21.
Be1 Ne4 22. Nxe4 Qxe4 23. Bxb4 Qxb4 24. Rc1 b5 25. b3 Rc8 26. Qd2 Qg4 27. Qd5
c4 28. bxc4 bxc4 29. h3 Qe6 30. Qxe6 fxe6 31. Rc2 Kf7 32. Kf1 Ke7 33. Nd2 c3
34. Ne4 Rc4 1/2-1/2

[Event "Romanian League"]
[Site "Constanta-Mamaia"]
[Date "2012.09.23"]
[Round "2"]
[White "Volokitin, Andrei"]
[Black "Papp, Gabor"]
[Result "0-1"]
[WhiteElo "2718"]
[BlackElo "2571"]
[PlyCount "80"]
[EventDate "2012.09.22"]

1. e4 c5 2. Nf3 d6 3. d4 cxd4 4. Nxd4 Nf6 5. Nc3 e6 6. g4 e5 7. Nf5 h5 8. Bg5
hxg4 9. Nd5 Bxf5 10. Bxf6 gxf6 11. exf5 Bh6 12. h4 gxh3 13. Rxh3 Kf8 14. Rb3
Nc6 15. Rxb7 Rb8 16. Rc7 Rc8 17. Rxc8 Qxc8 18. Bd3 Bg5 19. Be4 Nd4 20. Kf1 Nxf5
21. c3 Qc4+ 22. Qd3 Qxd3+ 23. Bxd3 Rh1+ 24. Kg2 Rxa1 25. Bxf5 Rxa2 26. b4 Bh4
27. Kf3 Rxf2+ 28. Ke4 Bg5 29. Bd7 Re2+ 30. Kd3 Rd2+ 31. Ke4 Rd1 32. Bf5 Kg7 33.
Ne7 Kh6 34. Bd7 Re1+ 35. Kd5 Bd2 36. Nf5+ Kg5 37. Nxd6 Bxc3 38. Ne4+ Rxe4 39.
Kxe4 Bxb4 40. Be8 Kg6 0-1

[Event "Romanian League"]
[Site "Constanta-Mamaia"]
[Date "2012.09.24"]
[Round "3"]
[White "Timoshenko, Georgy"]
[Black "Volokitin, Andrei"]
[Result "0-1"]
[WhiteElo "2518"]
[BlackElo "2718"]
[PlyCount "40"]
[EventDate "2012.09.22"]

1. d4 Nf6 2. c4 g6 3. Nc3 d5 4. cxd5 Nxd5 5. e4 Nxc3 6. bxc3 Bg7 7. Bg5 c5 8.
Rc1 O-O 9. d5 Qd6 10. Qd2 f5 11. Bc4 Rf7 12. exf5 Bxf5 13. Qe2 Nd7 14. g4 b5
15. gxf5 bxc4 16. fxg6 Qxg6 17. f4 Ne5 18. fxe5 Qxg5 19. Kd1 Bh6 20. Rc2 Rb8
0-1

[Event "Romanian League"]
[Site "?"]
[Date "2012.09.25"]
[Round "4"]
[White "Volokitin, Andrei"]
[Black "Nyzhnyk, Illya"]
[Result "1-0"]
[WhiteElo "2718"]
[BlackElo "2614"]
[PlyCount "47"]
[EventDate "2012.??.??"]

1. e4 e6 2. d4 d5 3. e5 c5 4. c3 Nc6 5. Nf3 Bd7 6. Na3 cxd4 7. cxd4 Rc8 8. Nc2
Qb6 9. Bd2 Nh6 10. Bd3 Nf5 11. O-O Nb4 12. Bxf5 exf5 13. e6 fxe6 14. Bxb4 Bxb4
15. Nxb4 Qxb4 16. Ne5 g6 17. Rc1 Ke7 18. a3 Qa5 19. h4 Bb5 20. Re1 Kf6 21. Re3
Qa4 22. Qd2 Kg7 23. Rec3 Bc6 24. h5 1-0

[Event "Romanian League"]
[Site "?"]
[Date "2012.09.26"]
[Round "5"]
[White "Tukhaev, Adam"]
[Black "Volokitin, Andrei"]
[Result "1/2-1/2"]
[WhiteElo "2536"]
[BlackElo "2718"]
[PlyCount "209"]
[EventDate "2012.??.??"]

1. e4 c5 2. Nf3 d6 3. d4 cxd4 4. Nxd4 Nf6 5. Nc3 a6 6. Be3 Ng4 7. Bg5 h6 8. Bh4
g5 9. Bg3 Bg7 10. h3 Ne5 11. Be2 Nbc6 12. Nb3 Na5 13. Qd5 Nec6 14. Nxa5 Bxc3+
15. bxc3 Qxa5 16. Qd2 Be6 17. f3 Rc8 18. Bf2 f6 19. O-O Nd8 20. Bd4 Bc4 21. f4
Bxe2 22. Qxe2 gxf4 23. Rxf4 Nf7 24. Qg4 Rc7 25. a4 Qg5 26. Qf3 Ne5 27. Qf2 Rg8
28. Kh2 h5 29. Rf5 Qg6 30. a5 Nf7 31. Rg1 Ng5 32. Re1 Kf7 33. e5 dxe5 34. Rexe5
Ne6 35. Bc5 h4 36. Bb4 Qg3+ 37. Qxg3 hxg3+ 38. Kg1 Kg6 39. Rd5 Rd8 40. Rxd8
Kxf5 41. Rd5+ Kf4 42. Rd3 Ng5 43. c4 Ne4 44. Be1 Rxc4 45. Bxg3+ Nxg3 46. Rf3+
Ke4 47. Rxg3 Rxc2 48. Rb3 Rc7 49. Kf2 e5 50. Rb4+ Kd5 51. g4 e4 52. Rb6 Ke5 53.
h4 Rc2+ 54. Kg3 Rc3+ 55. Kg2 Kf4 56. Rxf6+ Kxg4 57. Kf2 Ra3 58. Rf7 Rxa5 59.
Rxb7 Kf4 60. Rb6 Ra2+ 61. Kf1 a5 62. h5 Kf3 63. Rf6+ Ke3 64. h6 Rh2 65. Ra6 Rh5
66. h7 Rxh7 67. Rxa5 Rh1+ 68. Kg2 Rd1 69. Ra4 Kd3 70. Ra3+ Ke2 71. Ra2+ Rd2 72.
Ra1 e3 73. Ra8 Rd3 74. Ra1 Rd1 75. Ra2+ Kd3 76. Ra3+ Ke4 77. Ra4+ Rd4 78. Ra8
Rd1 79. Ra4+ Kd3 80. Ra3+ Ke2 81. Ra2+ Rd2 82. Ra1 Rb2 83. Kg3 Rd2 84. Kg2 Rc2
85. Kg3 Rc7 86. Ra2+ Kd3 87. Ra3+ Kd2 88. Ra2+ Rc2 89. Ra1 Kd3 90. Kf3 Rf2+ 91.
Kg3 Rb2 92. Kf3 Kd2 93. Kg3 Rc2 94. Kf3 Rb2 95. Kg3 Ke2 96. Kg2 Rc2 97. Kg3 Rc3
98. Kg2 Rc7 99. Ra2+ Kd3 100. Ra3+ Kd2 101. Ra2+ Rc2 102. Ra1 Rc1 103. Ra2+ Kd3
104. Ra3+ Rc3 105. Ra1 1/2-1/2